A fazenda publica de Portugal (Record no. 152838)

MARC details
000 -LEADER
campo de control de longitud fija 00669nam a2200181 i 4500
001 - NÚMERO DE CONTROL
campo de control 152838
003 - IDENTIFICADOR DE NÚMERO DE CONTROL
campo de control ES-MaACL
005 - FECHA Y HORA DE LA ÚLTIMA TRANSACCIÓN
campo de control 20250803063057.0
008 - DATOS DE LONGITUD FIJA--INFORMACIÓN GENERAL
campo de control de longitud fija 990727s1884 po |||| | por d
080 ## - NÚMERO DE LA CLASIFICACIÓN DECIMAL UNIVERSAL
Número de la Clasificación Decimal Universal 336.1/.5(469)"18"
100 1# - ENTRADA PRINCIPAL--NOMBRE DE PERSONA
Nombre de persona Bulhões, Miguel Eduardo Lobo de,
Fechas asociadas al nombre 1830-1894
9 (RLIN) 32498
245 12 - MENCIÓN DEL TÍTULO
Título A fazenda publica de Portugal
Resto del título : practicas vigentes e varias utopias do auctor /
Mención de responsabilidad, etc. Miguel de Bulhoes.
260 ## - PUBLICACIÓN, DISTRIBUCIÓN, ETC.
Lugar de publicación, distribución, etc. Lisboa :
Nombre del editor, distribuidor, etc. [s.n.],
Fecha de publicación, distribución, etc. 1884 (
Fabricante Imp. Nacional)
300 ## - DESCRIPCIÓN FÍSICA
Extensión 170 p. ;
Dimensiones 24 cm.
650 #4 - PUNTO DE ACCESO ADICIONAL DE MATERIA--TÉRMINO DE MATERIA
Término de materia o nombre geográfico como elemento de entrada Hacienda pública-
Subdivisión geográfica Portugal.
9 (RLIN) 168381
852 4# - LOCALIZACIÓN
Ubicación ES-MaACL
Número de control de estantería T-1287-F-1
Nota libre - Enc. hol., conservando enc. original
Holdings
Estatus retirado Estado de pérdida Estado de daño No para préstamo Colección Biblioteca de origen Biblioteca actual Ubicación en estantería Fecha de adquisición Total de préstamos Signatura topográfica completa Código de barras Visto por última vez Precio de reemplazo Tipo de ítem Koha
        Colección de folletos Biblioteca del Ateneo de Madrid Biblioteca del Ateneo de Madrid Depósito folletos 17/01/2008   T-1287-F-1 1159628 23/02/2023 23/02/2023 Folleto